| 000 | 01035cam a2200313Mi 4500 | ||
|---|---|---|---|
| 001 | 78689 | ||
| 003 | BJBSDDR | ||
| 005 | 20240904163323.0 | ||
| 007 | ta | ||
| 008 | 041116s2004 sp 000 0 mul d | ||
| 020 | _a8497674553 | ||
| 020 | _a9788497674553 | ||
| 029 | 0 |
_aPL# _b8497674553 |
|
| 035 | _a(OCoLC)ocm57057958 | ||
| 035 | _a(OCoLC)57057958 | ||
| 040 |
_aPL# _bspa _cPL# _dBNM |
||
| 041 | 0 | _aspajpn | |
| 049 | _aGRAL | ||
| 050 | 1 | 4 |
_aR K 52 _bB234d 2004 |
| 100 | 1 |
_aBarberán, Francisco, _d1966- _938285 |
|
| 245 | 1 | 0 |
_a Diccionario jurídico Japonés-Español, Español-Japonés / _cFrancisco Barberán ; prólogo: Antonio Garrigues Walker. |
| 260 |
_aCizur Menor (Navarra) : _bThomson-Aranzadi : _bGarrigues Cátedra, Universidad de Navarra, _cc2004. |
||
| 300 |
_a340 páginas ; _c21 cm. |
||
| 650 | 4 |
_aDerecho _vDiccionarios _xJaponés _938286 |
|
| 650 | 4 |
_aEspañol _vDiccionarios _xJaponés _938287 |
|
| 700 | 1 |
_aGarrigues Walker, Antonio, _d1934- _eprologuista _933739 |
|
| 942 |
_2lcc _cBK |
||
| 946 | _aJCM | ||
| 999 |
_c88359 _d88359 |
||